Diseño sísmico de edificios
| Main Authors: | , |
|---|---|
| Format: | Section = Libro |
| Language: | Undetermined Spanish |
| Published: |
México
[s.e.]
[s.f.]
|
| Subjects: |
| LEADER | 00711nam a2200253Ia 4500 | ||
|---|---|---|---|
| 008 | 240830s9999 xx 000 0 und d | ||
| 040 | |a B-ESTELÍ- RUACS / 693.852 B362 | ||
| 041 | |a spa | ||
| 082 | |a 693.852 B362 | ||
| 100 | 1 | |a Bazán, Enrique | |
| 100 | 1 | |b Meli, Roberto | |
| 245 | 1 | 0 | |a Diseño sísmico de edificios |
| 260 | |a México |b [s.e.] |c [s.f.] | ||
| 300 | |a 317 p. | ||
| 650 | 7 | |a DISEÑO SÍSMICO DE EDIFICIOS | |
| 650 | 7 | |b SISMOLOGÍA | |
| 650 | 7 | |c INGENIERÍA SÍSMICA | |
| 650 | 7 | |d FUERZAS LATERALES | |
| 650 | 7 | |e DINÁMICA ESTRUCTURAL | |
| 650 | 7 | |f ANÁLISIS SÍSMICO ESTÁTICO - DINÁMICO | |
| 650 | 7 | |g DIMENSIONAMIENTO. | |
| 942 | |c BK |2 ddc | ||
| 991 | |a TEXTO | ||
| 999 | |c 11602 | ||